000 00679nam a2200241Ia 4500
003 OSt
005 20220918202637.0
006 a|||||r|||| 00| 0
007 ta
008 220917b |||||||| |||| 00| 0 eng d
024 _a102,737
037 _cTextual
040 _aARTS
_cARTS
_beng
041 _2eng
_aeng
082 _aV2,4M85.N, M1
100 _aMahendra Prasad Singh
_9104712
245 0 _aSplit in a predominant party
_b the Indian National Congress in 1969
260 _aDelhi
_bAbhinav
_c1981
300 _axv, 319p.
_ccm.
650 _aHISTORY
942 _hV2,4M85.N, M1
_cTEXL
_2CC
999 _c226186
_d226186